01227nam a2200385 i 450000100060000000300090000600500170001500800390003201500180007102000150008903500210010404000280012504600090015308000110016208000120017308000120018524500480019726000670024530000280031233600270034033700540036733800280042138000160044938000270046538500390049238800100053150400340054165000140057565000120058965500300060165800300063170000390066185600980070085600430079855293KOSZ 00520221122125307.0060809s2006 pl a f f |001 0 pol aPB 2006/17094 a837484020X a(OCoLC)749522596 aWA NcWA NdKOSZ 005/HR k2006 a338.46 a339.138 a(075.8)00aMarketing usług /cAnna Czubała [et al.]. aKraków :bOficyna Ekonomiczna. Wolters Kluwer Polska,c2006. a286 s. :bil. ;c24 cm. 2rdacontentaTekstbtxt 2rdamediaaBez urządzenia pośredniczącegobn 2rdacarrieraWoluminbnc aKsiążki aPublikacje dydaktyczne mPoziom nauczaniaaSzkoły wyższe a2001- aBibliogr. s. 275-278. Indeks. 4aMarketing 4aUsługi 4aPodręczniki akademickie aZarządzanie i marketing1 aCzubała, Annad(1943- )eRedakcja uhttp://koha.tu.koszalin.pl/cgi-bin/koha/opac-detail.pl?biblionumber=55293yKatalog online BPK uhttp://libra.ibuk.pl/book/210289yIBUK